000
00534nam a2200133Ia 4500
008
100328s9999 xx 000 0 und d
082
_b
17399
100
_a
सिंह सत्यदेवनारायण
245
_a
देश विदेश की अनोखी प्रथाएँ
260
_b
शिक्षा भारती
630
_a
देश विदेश की अनोखी प्रथाएँ
730
_a
देश विदेश की अनोखी प्रथाएँ
942
_c
BOOK
999
_c
511976
_d
511973